=LDR 00000nam 2200000 4500 =001 INLIS000000000021039 =005 20130612115934 =008 ***********************************Ind** =035 ##$$0010-061300000021039 =041 ##$$a Ind =082 ##$$a 345.06 =090 ##$$a 345.06, Pit p =100 ##$$a Pitlo, A =245 ##$$a Pembukaan dan daluarsa menurut kitab undang-undang hukum perdata belanja, MR A. Pitto ; alih bahasa, M. Isa Arief =260 ##$$a 1986 $b Jakarta =300 ##$$a ix, 335 hlm, 21 cm =650 ##$$a Hukum Perdata =850 ##$$a NBPNMAT